| 000 | 00312 a2200133 4500 | ||
|---|---|---|---|
| 999 |
_c324264 _d324264 |
||
| 001 | 89191 | ||
| 003 | NUST | ||
| 082 | _a923.4 KHU | ||
| 100 |
_aKhuram Sohail _99784 |
||
| 245 | _aQalam Se Awaz Tak | ||
| 260 |
_aLahore _bSang-e-meel Publications _c2014 |
||
| 300 | _a366p. | ||
| 500 | _aGeneral Books | ||
| 942 |
_aCAE NUST _cBK _k923.4 KHU _2ddc |
||